000 00282nam a22001217a 4500
008 181126b xxu||||| |||| 00| 0 eng d
041 _aeng
080 _a043.3
100 _a0
101 _aBTH-MBE
245 _aInvestime kapitale dhe letrat me vlerë
_cRizani,J
942 _2udc
_cBK
999 _c52498
_d52498